Databáza grantových projektov univerzity v knižnično-informačnom systéme

Bibliographic Details
Main Author: Prokop, Igor, 1954-2022 (Author)
Format: Article
Language:Slovak
ISSN:1335-793X
Subjects:
Online Access:www.ctvisr.sk/itlib

MARC

LEADER 00000nab a2200000 ar4500
001 vtls010172504
003 SK-MaSNL
005 20260305001153.0
008 100927c2010 xo qr|p||| |000 b|slo
015 |a SNBRB2010/08 
038 |a SPK 
040 |a SPKCL  |b slo  |c AACR2  |e AACR2 
041 0 |a slo  |b slo 
044 |a xo  |c SK 
072 7 |a 336.1/.5  |x Verejné financie  |2 konspekt 
072 7 |a 027  |x Univerzálne knižnice. Verejné knižnice  |2 konspekt 
080 |a 336.563.1  |2 2001 
080 |a 027.7  |2 2001 
100 1 |a Prokop, Igor,  |d 1954-2022  |4 aut  |9 106561 
245 1 0 |a Databáza grantových projektov univerzity v knižnično-informačnom systéme  |c Igor Prokop 
610 2 7 |a Univerzita Mateja Bela v Banskej Bystrici.  |b Univerzitná knižnica  |2 SNKKA 
650 0 7 |a granty  |2 snkbucl  |9 5000 
650 0 7 |a vysokoškolské knižnice  |2 snkbucl  |9 64143 
773 0 |t IT lib : informačné technológie a knižnice  |g Roč. [14], č. 2 (2010), s. 61  |x 1335-793X 
852 |a SPK  |b KIS3GCP 
856 4 1 |u www.ctvisr.sk/itlib 
999 |c 3217839  |d 3219769